Normal view
MARC view
Entry Personal Name
001 - CONTROL NUMBER
- control field: 18652
003 - CONTROL NUMBER IDENTIFIER
- control field: ARRUPE
005 - DATE AND TIME OF LATEST TRANSACTION
- control field: 20150818151558.0
008 - FIXED-LENGTH DATA ELEMENTS
- fixed length control field: 150818|| aca||aabn | a|a d
040 ## - CATALOGING SOURCE
- Original cataloging agency: ARRUPE
- Transcribing agency: ARRUPE
100 ## - HEADING--PERSONAL NAME
- Personal name: Francis, Pope.
670 ## - SOURCE DATA FOUND
- Source citation: Work cat.: (ARRUPE)0: Francis, Pope., Laudato si' /, 2015